[Event "Euro Online U2300 Day 1"]
[Site "chess.com INT"]
[Date "2020.05.25"]
[Round "7"]
[White "Green, Golan"]
[Black "Medar, Marti"]
[Result "1-0"]
[WhiteElo "2211"]
[BlackElo "2019"]
[WhiteFideId "2803984"]
[BlackFideId "4501870"]
[EventDate "2020.05.25"]

1. c4 c6 2. Nf3 d6 3. g3 Qc7 4. Bg2 Bg4 5. O-O Nd7 6. b4 Ngf6 7. Bb2 e5 8. d3
Be7 9. a4 a5 10. b5 O-O 11. Ba3 Rac8 12. Nbd2 Rfe8 13. Rc1 Bf8 14. Nb3 e4 15.
dxe4 Nxe4 16. Qd4 Ndc5 17. Nxc5 dxc5 18. Qb2 g6 19. Qa2 Rcd8 20. Bb2 Nd2 21.
Rfd1 Rxe2 22. Rxd2 Rdxd2 23. Nxd2 Rxd2 24. Qa1 Qd7 25. Bc3 Rd3 26. Be4 Rd6 27.
bxc6 bxc6 28. Bxa5 Rd4 29. Bg2 h5 30. h4 Qa7 31. Be1 Be6 32. Bxc6 Bh6 33. Rd1
Rxc4 34. Rd8+ Bf8 35. Bd2 Rd4 36. Rxd4 cxd4 37. a5 Bc5 38. Kg2 d3 39. f3 Bd4 40.
Qc1 Kh7 41. Be4 f5 42. Bxd3 Bd5 43. Bc3 Be3 44. Qd1 Qa8 45. a6 f4 46. gxf4 Qf8
47. Bxg6+ Kxg6 48. Qxd5 Qxf4 49. Qe6+ Kh7 50. Qe7+ Kg6 51. Qe8+ Qf7 52. Qxe3 1-0

[Event "Euro Online U2300 Day 1"]
[Site "chess.com INT"]
[Date "2020.05.25"]
[Round "7"]
[White "Gorodetzky, Matan"]
[Black "Staub, Ludovic"]
[Result "1-0"]
[WhiteTitle "FM"]
[WhiteElo "2284"]
[BlackElo "2105"]
[WhiteFideId "2813394"]
[BlackFideId "1310879"]
[EventDate "2020.05.25"]

1. e4 c6 2. d4 d5 3. exd5 cxd5 4. Bd3 Nc6 5. c3 Nf6 6. Bf4 Bg4 7. Qb3 Qd7 8. Nd2
e6 9. Ngf3 Bxf3 10. Nxf3 Bd6 11. Bxd6 Qxd6 12. O-O O-O 13. Rfe1 a6 14. a4 Rac8
15. a5 Qc7 16. Qa3 Nd7 17. h3 h6 18. b3 e5 19. Bf5 e4 20. Nd2 g6 21. Bg4 f5 22.
Be2 Nf6 23. Nf1 Kg7 24. b4 f4 25. Qc1 g5 26. Nh2 Ne7 27. Ng4 Qxc3 28. Qxc3 Rxc3
29. Ne5 Rfc8 30. b5 axb5 31. Bxb5 Ng6 32. a6 bxa6 33. Rxa6 Nxe5 34. dxe5 Ne8 35.
Bd7 Rd8 36. Bf5 e3 37. fxe3 fxe3 38. Ra7+ Kf8 39. Bg6 Nc7 40. Rf1+ Kg7 41. Bh5
Rf8 42. Rd1 Rf5 43. Rxd5 Kf8 44. Rd7 Rc1+ 45. Kh2 Ne6 46. Ra8+ 1-0

[Event "Euro Online U2300 Day 1"]
[Site "chess.com INT"]
[Date "2020.05.25"]
[Round "7"]
[White "Matic, Zeljko"]
[Black "Stabulnieks, Klavs"]
[Result "0-1"]
[WhiteElo "2144"]
[BlackElo "2204"]
[WhiteFideId "14505690"]
[BlackFideId "11603984"]
[EventDate "2020.05.25"]

1. Nf3 Nf6 2. g3 g6 3. Bg2 Bg7 4. O-O O-O 5. c4 d6 6. Nc3 Nc6 7. d3 e5 8. Rb1 a5
9. a3 h6 10. b4 axb4 11. axb4 Be6 12. b5 Ne7 13. Nd2 c6 14. Qb3 Qd7 15. Ba3 Rfd8
16. Ra1 Bh3 17. Rfb1 Bxg2 18. Kxg2 Nf5 19. bxc6 bxc6 20. Nde4 Nd4 21. Qd1 d5 22.
Nxf6+ Bxf6 23. e3 Ne6 24. cxd5 cxd5 25. e4 dxe4 26. dxe4 Qd4 27. Qe1 Bg5 28. Nd5
Rxd5 29. exd5 Qxd5+ 30. f3 Nd4 31. Qe4 Qxe4 32. fxe4 Nc2 33. Bb2 Nxa1 34. Rxa1
Rxa1 35. Bxa1 f6 36. Kf3 Kf7 37. h4 Bd2 38. g4 h5 39. gxh5 gxh5 40. Kg3 Ke6 41.
Bb2 Bb4 42. Bc1 Bf8 43. Kf3 Kd7 44. Ke2 Kc6 45. Kd3 Kb5 46. Be3 Kb4 47. Bb6 Be7
48. Bc7 Kb3 49. Bb6 Kb4 50. Be3 Kb5 51. Bf2 Bb4 52. Bg3 Kc5 53. Bf2+ Kd6 54. Bg3
Ke6 55. Bf2 f5 56. exf5+ Kxf5 57. Ke2 Be7 58. Kf3 e4+ 59. Ke2 Kg4 60. Be1 Bxh4
61. Bc3 Bg5 62. Be5 Bf4 63. Bf6 h4 0-1

[Event "Euro Online U2300 Day 1"]
[Site "chess.com INT"]
[Date "2020.05.25"]
[Round "7"]
[White "Svitojus, Zygimantas"]
[Black "Agrest, Inna"]
[Result "0-1"]
[BlackTitle "WIM"]
[WhiteElo "2033"]
[BlackElo "2284"]
[WhiteFideId "12805777"]
[BlackFideId "1708830"]
[EventDate "2020.05.25"]

1. d4 Nf6 2. Nf3 g6 3. g3 Bg7 4. Bg2 O-O 5. O-O d6 6. c4 Nbd7 7. Nc3 a6 8. e4 e5
9. dxe5 dxe5 10. Bg5 h6 11. Be3 c6 12. h3 Qe7 13. Qc2 Re8 14. Na4 b5 15. Nc3 b4
16. Na4 a5 17. Rfd1 Kh7 18. b3 Bb7 19. c5 Ba6 20. Rd2 Bb5 21. Nb2 Nf8 22. a3
Rad8 23. axb4 axb4 24. Nc4 Bxc4 25. Qxc4 Rb8 26. Ra4 Qe6 27. Rc2 N8d7 28. Qxe6
Rxe6 29. Rc4 Bf8 30. Nd2 Rb5 31. Raxb4 Rxb4 32. Rxb4 Nxc5 33. Rb8 Re8 34. Rb6
Rc8 35. Nc4 Nfd7 36. Bxc5 Bxc5 37. Rb7 Rd8 38. Rc7 Kg7 39. Rxc6 Bd4 40. Rd6 Kf8
41. Bf1 Ke7 42. Rd5 Rc8 43. Bd3 f6 44. Kf1 Nc5 45. Bc2 Ra8 46. b4 Ra1+ 47. Ke2
Na4 48. f4 Nc3+ 49. Kf3 Rf1+ 50. Kg4 Nxd5 51. exd5 f5+ 52. Kh4 e4 53. d6+ Ke6
54. Bb3 Bf6# 0-1

[Event "Euro Online U2300 Day 1"]
[Site "chess.com INT"]
[Date "2020.05.25"]
[Round "7"]
[White "Gasimov, Parviz"]
[Black "Samadov, Read"]
[Result "1-0"]
[WhiteTitle "FM"]
[BlackTitle "CM"]
[WhiteElo "2337"]
[BlackElo "2332"]
[WhiteFideId "13408798"]
[BlackFideId "13417444"]
[EventDate "2020.05.25"]

1. e4 c5 2. Nf3 d6 3. d4 cxd4 4. Nxd4 Nf6 5. Nc3 e6 6. Be3 a6 7. f3 b5 8. Qd2
Nbd7 9. g4 h6 10. a3 Bb7 11. O-O-O d5 12. exd5 Nxd5 13. Nxd5 Bxd5 14. Bg2 Ne5
15. Qe2 Nc4 16. Nf5 Be7 17. f4 Kf8 18. Bxd5 exd5 19. Bd4 Bf6 20. b3 Bxd4 21.
Rxd4 Nb6 22. Re1 g6 23. Qe5 f6 24. Qe7+ Qxe7 25. Nxe7 Kf7 26. Nxd5 Rad8 27. c4
bxc4 28. bxc4 Nxd5 29. cxd5 Rd6 30. Rc4 Rhd8 31. Rc7+ R8d7 32. Rxd7+ Rxd7 33.
Rd1 Ke7 34. Re1+ Kf7 35. Rd1 Ke7 36. Kc2 Kd6 37. Kc3 Kc5 38. d6 Rxd6 39. Rxd6
Kxd6 40. Kd4 a5 41. a4 f5 42. gxf5 gxf5 43. h3 h5 44. h4 Ke6 45. Kc5 Ke7 46. Kb5
Kd6 47. Kxa5 Kc5 48. Ka6 Kc6 49. a5 Kc7 50. Kb5 1-0

[Event "Euro Online U2300 Day 1"]
[Site "chess.com INT"]
[Date "2020.05.25"]
[Round "7"]
[White "Ryzhkov, Vjacheslav"]
[Black "Labruyere, Roger"]
[Result "0-1"]
[WhiteElo "2138"]
[BlackElo "2045"]
[WhiteFideId "4198484"]
[BlackFideId "1059505"]
[EventDate "2020.05.25"]

1. e4 d6 2. d4 Nf6 3. Nc3 g6 4. f4 Bg7 5. Nf3 O-O 6. Bd3 Nc6 7. e5 dxe5 8. fxe5
Nh5 9. Be3 Bg4 10. Be2 f6 11. exf6 exf6 12. O-O Re8 13. Qd2 f5 14. Bc4+ Kh8 15.
Rad1 Bxf3 16. Rxf3 Nf6 17. Bg5 Qd7 18. Bb5 Rad8 19. d5 Qf7 20. Rd3 Ne4 21. Nxe4
fxe4 22. dxc6 exd3 23. cxd3 Rd5 24. Bc4 bxc6 25. Bxd5 cxd5 26. d4 Re4 27. Rf1
Qe8 28. Bf6 Bxf6 29. Rxf6 Qe7 30. Rf1 Re2 31. Qf4 Rxb2 32. Qf7 Qxf7 33. Rxf7 Rc2
34. Rd7 Rxa2 35. Rxc7 a5 36. Ra7 a4 37. Kf1 a3 38. h3 Ra1+ 39. Kf2 a2 40. g3 Kg8
41. Kg2 Kf8 42. h4 Ke8 43. Kh2 Kd8 44. Kg2 Kc8 45. Ra5 Kc7 46. g4 Kb6 47. Ra8
Kb5 48. h5 gxh5 49. gxh5 Kc4 50. h6 Kxd4 51. Ra4+ Ke5 0-1

[Event "Euro Online U2300 Day 1"]
[Site "chess.com INT"]
[Date "2020.05.25"]
[Round "7"]
[White "Bozanic, Ivica"]
[Black "Silich, Yahor"]
[Result "0-1"]
[WhiteTitle "FM"]
[BlackTitle "FM"]
[WhiteElo "2162"]
[BlackElo "2330"]
[WhiteFideId "14501414"]
[BlackFideId "13513656"]
[EventDate "2020.05.25"]

1. e4 c5 2. Nf3 Nc6 3. d4 cxd4 4. Nxd4 g6 5. c4 Bg7 6. Be3 Nf6 7. Nc3 O-O 8. Be2
d6 9. Qd2 Bd7 10. Rc1 Nxd4 11. Bxd4 Bc6 12. f3 a5 13. b3 Nd7 14. O-O Bxd4+ 15.
Qxd4 Qb6 16. Qxb6 Nxb6 17. Nd5 Bxd5 18. cxd5 Rfc8 19. Kf2 a4 20. b4 a3 21. Bb5
Kg7 22. Ke3 Kf6 23. Kd4 g5 24. g3 e6 25. dxe6 fxe6 26. Rfd1 e5+ 27. Kd3 h5 28.
Rc3 Rxc3+ 29. Kxc3 Ke6 30. Kb3 Rf8 31. Rf1 d5 32. exd5+ Kxd5 33. Rd1+ Ke6 34.
Rd3 g4 35. fxg4 hxg4 36. Rd2 Rf3+ 37. Kc2 e4 38. Re2 Ke5 39. Rd2 Nd5 40. Be2
Nxb4+ 41. Kd1 Nd3 42. Bxf3 gxf3 43. h4 Kd4 44. h5 e3 45. h6 f2 46. Rxf2 exf2 47.
Ke2 Ne5 48. h7 Ng6 49. Kxf2 b5 50. Ke2 b4 51. Kd2 b3 52. Kc1 bxa2 0-1

[Event "Euro Online U2300 Day 1"]
[Site "chess.com INT"]
[Date "2020.05.25"]
[Round "7"]
[White "Ignatescu, Radu"]
[Black "Papadopoulos, Georgios3"]
[Result "0-1"]
[WhiteTitle "FM"]
[WhiteElo "2294"]
[BlackElo "2347"]
[WhiteFideId "1202910"]
[BlackFideId "4210271"]
[EventDate "2020.05.25"]

1. d4 Nf6 2. Bg5 d5 3. Nd2 Nbd7 4. e3 g6 5. c4 c6 6. cxd5 cxd5 7. Bd3 Bg7 8.
Ngf3 O-O 9. O-O b6 10. Rc1 Bb7 11. h3 Ne4 12. Bf4 Rc8 13. Qe2 Nxd2 14. Qxd2 Nf6
15. Rxc8 Bxc8 16. Rc1 Ne4 17. Qb4 Bf5 18. Ne5 Bxe5 19. Bxe5 h5 20. Rc7 e6 21.
Qe7 Qxe7 22. Rxe7 f6 23. Bc7 Rc8 24. Ba6 Rf8 25. f3 Nd2 26. Kf2 Rf7 27. Rxf7
Kxf7 28. Bb8 Bb1 29. a3 Nc4 30. Bxa7 Nxb2 31. Bxb6 e5 32. Ke2 e4 33. Kd2 exf3
34. gxf3 Bf5 35. h4 g5 36. Bb7 Nc4+ 37. Kc3 Nxb6 38. e4 gxh4 39. exd5 h3 40. d6
Be6 41. f4 h2 42. a4 Nd5+ 43. Bxd5 Bxd5 44. a5 h1=Q 45. d7 0-1

[Event "Euro Online U2300 Day 1"]
[Site "chess.com INT"]
[Date "2020.05.25"]
[Round "7"]
[White "Adrian, Claude"]
[Black "Anfinogenov, Artem"]
[Result "1-0"]
[WhiteTitle "IM"]
[WhiteElo "2250"]
[BlackElo "2054"]
[WhiteFideId "601071"]
[BlackFideId "4197461"]
[EventDate "2020.05.25"]

1. c4 e5 2. Nc3 Nf6 3. g3 d5 4. cxd5 Nxd5 5. Bg2 Nb6 6. Nf3 Nc6 7. O-O Be7 8. a4
a5 9. d4 exd4 10. Nb5 Bf6 11. Bf4 Nd5 12. Nfxd4 Nxd4 13. Bxd5 Nxb5 14. axb5 O-O
15. Rc1 Bxb2 16. Rxc7 Bh3 17. Bxb7 Bxf1 18. Qxf1 g5 19. Bxa8 gxf4 20. Rc2 Qf6
21. Bc6 a4 22. Qb1 a3 23. Rc4 fxg3 24. hxg3 Rd8 25. b6 Qd6 26. b7 Qe6 27. Qd3
Qe7 28. Qb3 Qd6 29. Rg4+ Bg7 30. Bd5 h5 31. Bxf7+ Kh8 32. Rg5 Bh6 33. Rxh5 Kg7
34. Rb5 Rb8 35. Rb6 Qe7 36. Rg6+ Kh7 37. Rb6 a2 38. Bg6+ Kg7 39. Qxa2 Rxb7 40.
Qb2+ Kg8 41. Rxb7 1-0

[Event "Euro Online U2300 Day 1"]
[Site "chess.com INT"]
[Date "2020.05.25"]
[Round "7"]
[White "Antova, Gabriela"]
[Black "Tsomaia, Nikoloz"]
[Result "0-1"]
[WhiteTitle "FM"]
[WhiteElo "2255"]
[BlackElo "2240"]
[WhiteFideId "2915235"]
[BlackFideId "13611518"]
[EventDate "2020.05.25"]

1. e4 e5 2. Nf3 Nc6 3. Bb5 a6 4. Ba4 Nf6 5. O-O Be7 6. Re1 b5 7. Bb3 d6 8. c3
O-O 9. h3 Nb8 10. d4 Nbd7 11. Nbd2 Bb7 12. a4 c5 13. Bc2 Qc7 14. Nf1 Rfc8 15. d5
c4 16. Ng3 g6 17. Bg5 Nc5 18. Nh2 Rcb8 19. a5 Bc8 20. Rf1 Qd8 21. f4 Nfd7 22.
Qf3 b4 23. Bxe7 Qxe7 24. Ng4 b3 25. Bd1 Nd3 26. f5 Nf4 27. Ra4 Nf6 28. Rxc4 Nxg4
29. Qxg4 Qa7+ 30. Kh2 Bd7 31. Rf3 Rb5 32. Qg5 Qb8 33. Qe7 Rb7 34. Qg5 Qf8 35.
Ne2 f6 36. Qg3 g5 37. Qf2 Qd8 38. Rb4 Rab8 39. Rxb3 Rxb3 40. Bxb3 Rxb3 41. Nc1
Rb5 42. b4 Qc7 43. Re3 Qc4 44. Qf3 Be8 45. g3 Nh5 46. Rd3 Ng7 47. Qe3 Rb7 48.
Rd2 Bb5 49. h4 h6 50. hxg5 hxg5 51. Kg2 Qf1+ 52. Kh2 Ne8 53. Rf2 Rh7# 0-1

[Event "Euro Online U2300 Day 1"]
[Site "chess.com INT"]
[Date "2020.05.25"]
[Round "7"]
[White "Hryzlova, Sofiia"]
[Black "Ptacnikova, Lenka"]
[Result "1/2-1/2"]
[BlackTitle "WGM"]
[WhiteElo "1940"]
[BlackElo "2111"]
[WhiteFideId "14174669"]
[BlackFideId "305650"]
[EventDate "2020.05.25"]

1. c4 c5 2. Nf3 g6 3. d4 cxd4 4. Nxd4 Bg7 5. e4 Nc6 6. Be3 Nf6 7. Nc3 Nxd4 8.
Bxd4 d6 9. Be2 O-O 10. O-O Bd7 11. Qc2 Bc6 12. Rad1 Nd7 13. Bxg7 Kxg7 14. b4 b6
15. f4 Rc8 16. Qb3 Qc7 17. Rf3 Kg8 18. Rh3 Nf6 19. Nd5 Bxd5 20. exd5 b5 21. cxb5
Ne4 22. Qe3 Nc3 23. Rf1 Nxd5 24. Qg3 Nc3 25. Bd3 Qb6+ 26. Kh1 Nd5 27. f5 Qd4 28.
Rxh7 Rc3 29. Rh3 Nxb4 30. fxg6 f5 31. g7 Qxg7 32. Qh4 Rxd3 33. Qxb4 Rxh3 34.
gxh3 Rf6 35. Qc4+ Kh7 36. Qh4+ Rh6 37. Qf4 Rh5 38. Rg1 Qf7 39. Qd4 Rh6 40. Qxa7
Rg6 41. Rxg6 Kxg6 42. Qg1+ Kh7 43. b6 e5 44. Qg2 e4 45. Qb2 f4 46. b7 Qd5 47.
b8=Q e3+ 48. Kg1 Qd1+ 49. Kg2 Qd5+ 50. Kg1 Qd1+ 51. Kg2 Qd5+ 52. Kg1 1/2-1/2

[Event "Euro Online U2300 Day 1"]
[Site "chess.com INT"]
[Date "2020.05.25"]
[Round "7"]
[White "Theuretzbacher, Klaus"]
[Black "Kudrytskyi, Stanislav"]
[Result "0-1"]
[WhiteElo "2177"]
[BlackElo "2057"]
[WhiteFideId "1601571"]
[BlackFideId "14133091"]
[EventDate "2020.05.25"]

1. Nf3 Nf6 2. c4 g6 3. Nc3 Bg7 4. e4 d6 5. Be2 O-O 6. d3 e5 7. Be3 Ng4 8. Bg5 f6
9. Bd2 f5 10. h3 Nf6 11. Qc1 Nc6 12. Bg5 Ne7 13. g3 c6 14. Qd2 Be6 15. h4 Ng4
16. Nh2 d5 17. Nxg4 fxg4 18. cxd5 cxd5 19. exd5 Bxd5 20. Nxd5 Qxd5 21. O-O Nf5
22. Bxg4 Nd4 23. Qe3 Nf3+ 24. Bxf3 Rxf3 25. Qe2 Rxd3 26. Rac1 h6 27. Be3 Rd8 28.
b3 e4 29. Rc4 b5 30. Rc5 Qd7 31. Qc2 a6 32. Rc7 Qg4 33. Kh2 Be5 34. Rc6 Qxh4+
35. Kg2 Qg4 36. Rh1 Qf3+ 37. Kh2 Rxe3 38. Rxg6+ Kh7 39. fxe3 Kxg6 40. Qc6+ Rd6
41. Qe8+ Qf7 42. Qxe5 Rd2+ 43. Kh3 Qd7+ 44. g4 Qd5 45. Qf4 Rd3 46. Rf1 Qe6 0-1

[Event "Euro Online U2300 Day 1"]
[Site "chess.com INT"]
[Date "2020.05.25"]
[Round "7"]
[White "Junge, Kai"]
[Black "Korbal, Arkadiusz"]
[Result "1/2-1/2"]
[WhiteElo "2181"]
[BlackElo "2113"]
[WhiteFideId "4605454"]
[BlackFideId "1133837"]
[EventDate "2020.05.25"]

1. Nf3 g6 2. g3 Bg7 3. d4 d6 4. Bg2 Nc6 5. O-O e5 6. dxe5 Nxe5 7. Nxe5 Bxe5 8.
Nc3 h5 9. h3 Ne7 10. Bg5 Bxc3 11. bxc3 O-O 12. Rb1 Rb8 13. e4 Be6 14. Qd4 Nc6
15. Bxd8 Nxd4 16. Bxc7 Rbc8 17. Rxb7 Ne2+ 18. Kh2 Nxc3 19. Bxd6 Rfd8 20. Be5
Nxa2 21. Rxa7 Rxc2 22. Bf6 Rdc8 23. Kg1 Nb4 24. Rd1 Rc1 25. Rxc1 Rxc1+ 26. Kh2
Rc8 27. Bg5 Nc6 28. Rb7 Na5 29. Rb5 Nc4 30. Bf4 Bd7 31. Rb4 Na5 32. Bf1 Nc6 33.
Rb7 Be6 34. Ba6 Ra8 35. Bb5 Nd4 36. Bd7 Bxd7 37. Rxd7 Ne6 38. Be5 g5 39. f4 Ra2+
40. Kg1 gxf4 41. gxf4 Re2 42. f5 Rxe4 43. Bf6 Ng7 44. Rd8+ Kh7 45. Rf8 Nxf5 46.
Rxf7+ Kg6 47. Rf8 Re3 48. Kg2 Rg3+ 49. Kh2 Rd3 50. Be5 Nh4 51. Bg3 Nf5 52. Be5
Rd2+ 53. Kg1 Rd5 54. Bf4 Rd4 55. Be5 Re4 56. Bc7 Nd4 57. Kg2 h4 58. Bb6 Nf5 59.
Rg8+ Kf6 60. Rg4 Re2+ 61. Kh1 Ke5 62. Bc7+ Ke6 63. Rg6+ Kd5 64. Rg5 Ke4 65. Rg4+
Ke3 66. Rg5 Ke4 67. Rg4+ Kd5 68. Rg5 Ke6 69. Rg6+ Kf7 70. Rg4 Ke7 71. Rg5 Ke6
72. Rg6+ 1/2-1/2

[Event "Euro Online U2300 Day 1"]
[Site "chess.com INT"]
[Date "2020.05.25"]
[Round "7"]
[White "Klykow, Lukasz"]
[Black "Timoshin, Andrei"]
[Result "0-1"]
[WhiteElo "2197"]
[BlackElo "2132"]
[WhiteFideId "1106767"]
[BlackFideId "4503503"]
[EventDate "2020.05.25"]

1. e4 c5 2. Nf3 Nc6 3. d4 cxd4 4. Nxd4 Nf6 5. Nc3 e5 6. Ndb5 d6 7. Bg5 a6 8. Na3
b5 9. Nd5 Be7 10. Bxf6 Bxf6 11. c4 b4 12. Nc2 Bg5 13. h4 Bh6 14. g4 Bf4 15. Nxf4
exf4 16. Qd5 Qc7 17. O-O-O Bxg4 18. Nxb4 Bxd1 19. Nxc6 Rc8 20. Bh3 Bf3 21. Bxc8
Bxh1 22. Bxa6 O-O 23. Bb5 Re8 24. Ne5 Rb8 25. Nd3 Qe7 26. Bc6 Qxh4 27. Qxd6 Rd8
28. Qxf4 Qh5 29. Bd5 Rf8 30. a4 Bf3 31. Ne5 Qh1+ 32. Kc2 Qd1+ 33. Kc3 Qe1+ 34.
Qd2 Qh1 35. Bxf7+ Kh8 36. Bd5 Bh5 37. a5 Qa1 38. Kc2 Qa4+ 39. Kb1 h6 40. Bc6 Qb3
41. a6 Qb6 42. Qe3 Qxa6 43. Bb5 Qe6 44. Nd7 Rd8 45. Nc5 Qe7 46. Kc2 Bd1+ 47. Kc3
Qe5+ 48. Kb4 Qxb2+ 49. Ka5 Qa1+ 50. Kb6 Qf6+ 51. Kc7 Qd6+ 52. Kb7 Rb8+ 53. Ka7
Qb6# 0-1

[Event "Euro Online U2300 Day 1"]
[Site "chess.com INT"]
[Date "2020.05.25"]
[Round "7"]
[White "Potpara, Nikola"]
[Black "Kryger, Oksana"]
[Result "1-0"]
[BlackTitle "WIM"]
[WhiteElo "2373"]
[BlackElo "2107"]
[WhiteFideId "910058"]
[BlackFideId "1404695"]
[EventDate "2020.05.25"]

1. d4 d5 2. Bf4 Nf6 3. e3 c5 4. c3 Qb6 5. Qb3 c4 6. Qc2 g6 7. Nd2 Bf5 8. Qc1 Nc6
9. b3 cxb3 10. axb3 Bg7 11. Ngf3 O-O 12. Be2 Rac8 13. Qb2 Nh5 14. O-O Rfe8 15.
b4 a6 16. Qa2 Qd8 17. b5 axb5 18. Bxb5 Nxf4 19. exf4 Qd6 20. g3 Red8 21. Rfe1
Nb8 22. Qb3 Nd7 23. Bxd7 Rxd7 24. Ra7 Rdc7 25. Re3 b6 26. Ra6 Rb7 27. h4 h5 28.
Ne1 Bd7 29. Nd3 e6 30. Nf3 Qc6 31. Nb4 Qb5 32. Qa3 Bf8 33. Ne5 Bxb4 34. cxb4 Be8
35. Re1 Rbc7 36. Ra8 Rc3 37. Qa7 Qxb4 38. Rxc8 Rxc8 39. Rd1 Qb3 40. Rd3 Qb1+ 41.
Kg2 f6 42. Qb7 Qc2 43. Rd2 Qc3 44. Nf3 Qc7 45. Qa6 Qc6 46. Rb2 Rb8 47. Qe2 Bd7
48. Rc2 Qd6 49. Qd3 Kg7 50. Qc3 Rc8 51. Qb2 Rxc2 52. Qxc2 Bb5 53. Qc8 Qd7 54.
Qb8 Qc6 55. Qa7+ Qd7 56. Qxb6 Be2 57. Nd2 Bd3 58. Nb3 Be2 59. Nc5 Qe7 60. Qxe6
Qxe6 61. Nxe6+ Kf7 62. f5 gxf5 63. Nf4 Bc4 64. Nxh5 Kg6 65. Nf4+ Kh6 66. Kf3 Bb5
67. Ke3 Bc4 68. Kd2 Kg7 69. Kc3 Kh6 70. Kb4 Kg7 71. Kc5 Kf7 72. Nxd5 1-0

[Event "Euro Online U2300 Day 1"]
[Site "chess.com INT"]
[Date "2020.05.25"]
[Round "7"]
[White "Brett, Andrew R"]
[Black "Gottstein, Claudius-Thomas"]
[Result "0-1"]
[WhiteElo "2085"]
[BlackElo "2113"]
[WhiteFideId "416460"]
[BlackFideId "4653327"]
[EventDate "2020.05.25"]

1. e4 Nf6 2. e5 Nd5 3. d4 d6 4. Nf3 dxe5 5. Nxe5 g6 6. g3 Bg7 7. Bg2 O-O 8. O-O
c6 9. Re1 Bf5 10. c3 Nd7 11. Nf3 Re8 12. Nbd2 e5 13. Nc4 exd4 14. Rxe8+ Qxe8 15.
Nd6 Qe6 16. Nxf5 Qxf5 17. Nxd4 Qe5 18. Nf3 Qf5 19. Nh4 Qe5 20. Bxd5 cxd5 21. Bf4
Qe4 22. Nf3 Re8 23. Nd2 Qd3 24. Nb3 Qb5 25. Qf1 Qa4 26. Qd3 Nb6 27. Nd2 Nc4 28.
b3 Nb2 29. Qc2 Qa5 30. b4 Qa3 31. Rc1 Nc4 32. Nxc4 dxc4 33. Be3 a6 34. h4 h5 35.
Kg2 a5 36. bxa5 Qxa5 37. Rb1 Qd5+ 38. Kh2 Re7 39. Rd1 Qf3 40. Qd2 Re8 41. Bd4
Re2 42. Qf4 Qxf4 43. gxf4 Rxa2 44. Bxg7 Kxg7 45. Rd7 Rxf2+ 46. Kg3 Rc2 47. Rxb7
Rxc3+ 48. Kg2 Kf6 49. Rc7 Ke6 50. Rc6+ Kf5 51. Rc7 f6 52. Rc6 Rc1 0-1

[Event "Euro Online U2300 Day 1"]
[Site "chess.com INT"]
[Date "2020.05.25"]
[Round "7"]
[White "Blum, Frederik"]
[Black "Khazieva, Elza"]
[Result "0-1"]
[BlackTitle "WFM"]
[WhiteElo "2061"]
[BlackElo "2016"]
[WhiteFideId "4640136"]
[BlackFideId "4100166"]
[EventDate "2020.05.25"]

1. e4 c5 2. Nf3 d6 3. d4 cxd4 4. Nxd4 Nf6 5. Nc3 Nc6 6. Be3 e5 7. Nb3 Be6 8. Be2
Be7 9. O-O O-O 10. Bf3 Rc8 11. Nd5 Bxd5 12. exd5 Nb4 13. c3 Na6 14. Qd3 Nc5 15.
Nxc5 dxc5 16. c4 Bd6 17. Bg5 h6 18. Bh4 Be7 19. Bg3 Bd6 20. Rfe1 Re8 21. Bh4 Rc7
22. Qf5 Qc8 23. Qd3 Nh7 24. Be4 g6 25. Bxg6 fxg6 26. Qxg6+ Rg7 27. Qxd6 Qg4 28.
Bg3 e4 29. f3 Qg5 30. fxe4 h5 31. Qf4 h4 32. Qxg5 Nxg5 33. Bxh4 Nf3+ 34. Kf2
Nxh4 35. e5 Rxg2+ 36. Ke3 Rxe5+ 37. Kd3 Rf5 38. Rg1 Kf7 39. Rxg2 Nxg2 40. Ke4
Rf4+ 41. Ke5 Rxc4 42. Rf1+ Ke8 43. d6 Rd4 44. Rg1 Nh4 45. Rg8+ Kd7 46. Rg7+ Kc6
47. Rc7+ Kb6 48. Rh7 Nf3+ 49. Ke6 Ng5+ 50. Ke7 Nxh7 51. d7 Re4+ 52. Kf7 Ng5+ 53.
Kf6 Rd4 54. Ke7 Nf7 0-1

[Event "Euro Online U2300 Day 1"]
[Site "chess.com INT"]
[Date "2020.05.25"]
[Round "7"]
[White "Kolbin, Anton"]
[Black "Bianchi, Guillaume"]
[Result "1-0"]
[WhiteElo "2204"]
[BlackElo "2173"]
[WhiteFideId "24107271"]
[BlackFideId "625370"]
[EventDate "2020.05.25"]

1. d4 d5 2. Bf4 c5 3. e3 cxd4 4. exd4 Nc6 5. c3 Bf5 6. Qb3 Qd7 7. Nf3 f6 8. Be2
e6 9. O-O g5 10. Bg3 h5 11. h4 g4 12. Ne1 Bh6 13. Nd3 b6 14. Na3 Nge7 15. Nb5
O-O 16. Nf4 Na5 17. Qb4 Nac6 18. Qd6 Rad8 19. Qxd7 Rxd7 20. Nxh5 e5 21. dxe5
fxe5 22. Bh2 a6 23. Na3 b5 24. Ng3 Bh7 25. Bxg4 Rd6 26. Rad1 Rf4 27. f3 b4 28.
Nb1 Rf8 29. Ne4 Rg6 30. Ng5 d4 31. Nxh7 Kxh7 32. cxd4 exd4 33. Nd2 Nd5 34. Nc4
Rgf6 35. Kh1 Rg8 36. Rfe1 Ne3 37. Nxe3 Bxe3 38. Bg1 Bxg1 39. Kxg1 Rh6 40. Bd7
Rd8 41. Bxc6 Rxc6 42. Rd2 a5 43. Red1 Rcd6 44. Kf2 Kh6 45. g4 Kg6 46. Rd3 Kf6
47. f4 Kg6 48. Kf3 Kf6 49. h5 Kg7 50. g5 Rd5 51. Ke4 R5d7 52. Rxd4 Re8+ 53. Kf5
Rf7+ 54. Kg4 Re2 55. h6+ Kh7 56. Rd7 Ree7 57. Rxe7 Rxe7 58. f5 Re4+ 59. Kh5 Re2
60. g6+ Kg8 61. Rd8+ 1-0

[Event "Euro Online U2300 Day 1"]
[Site "chess.com INT"]
[Date "2020.05.25"]
[Round "7"]
[White "Luczak, Filip"]
[Black "Kiolbasa, Oliwia"]
[Result "1-0"]
[WhiteTitle "CM"]
[BlackTitle "WIM"]
[WhiteElo "2240"]
[BlackElo "2160"]
[WhiteFideId "1193686"]
[BlackFideId "1154613"]
[EventDate "2020.05.25"]

1. d4 Nf6 2. Bg5 d5 3. Bxf6 exf6 4. e3 Bd6 5. g3 O-O 6. Bg2 c6 7. Ne2 Nd7 8. O-O
f5 9. b3 Nf6 10. c4 dxc4 11. bxc4 c5 12. d5 b5 13. cxb5 a6 14. Nbc3 Qa5 15. a4
Bd7 16. Qd3 Rfb8 17. Rab1 Be5 18. Qc4 Ne8 19. Rfc1 Nd6 20. Qxc5 Rc8 21. Qb4 Qxb4
22. Rxb4 axb5 23. axb5 Rab8 24. b6 g6 25. Bf1 Rb7 26. Na2 Rcb8 27. Rcb1 Nc8 28.
Nd4 Bxd4 29. Rxd4 Rxb6 30. Rxb6 Rxb6 31. Nb4 Nd6 32. h4 Kg7 33. Kg2 Kf6 34. Be2
Bb5 35. Bf3 Bd7 36. Nc6 Rb2 37. Rb4 Rxb4 38. Nxb4 Ne4 39. Bxe4 fxe4 40. f3 Ke5
41. Kf2 exf3 42. Kxf3 Bb5 43. e4 f5 44. Nc6+ Kd6 45. exf5 gxf5 46. Nb4 Bd7 47.
Kf4 Bc8 48. Kg5 Bd7 49. Kh6 Ke5 50. Kxh7 f4 51. gxf4+ Kxf4 52. Kg6 Ke5 53. h5
Bf5+ 54. Kg7 Kd6 55. h6 Kc5 56. h7 Bxh7 57. Kxh7 Kxb4 58. d6 1-0